1769 1958 1617 1929 1412 1246 1553 1325 1368 1058 1960 1997 1587 1714 1898 1239 1073 1269 1571 1079 1325 1453 1367 1417 1729 1726 1163 1763 1119 1300 1691 1685 1737 1455 1152 1291 1861 1356 1523 1964 1248 1941 1412 1162 1180 1549 1001 1636 1188 1047 1626 1818 1084 1714 1948 1860 1367 1608 1504 1310 1232 1555 1094 1973 1282 1623 1359 1395 1615 1050 1787 1759 1710 1933 1136 1898 1103 1602 1643 1480 1595 1835 1543 1398 1339 1721 1359 1280 1846 1282 1456 1350 1632 1757 1526 1200 1339 1076 1264 BCNSPRNW ULIB Ver.6.0+V

เปลี่ยนเป็นภาษาไทย

Change to English
 แสดงรายละเอียดบรรณานุกรม
  กลับหน้าหลัก

Brief Record : Get Marc (ISO 2709) : E-mail record : QR code < ปิดหน้าต่าง
LEADER : 00000nam 2200000uu 4500
001    13399113492
003     ULIB
008    110627s2549||||th 000 0 tha d
020    9789749931920
090    นว.^bอ111ท 2549
100 0  อ.สายสุวรรณ
245 00 เทวดาฝรั่ง กรีก-โรมัน/^cอ.สายสุวรรณ
250    พิมพ์ครั้งที่ 7
260    กรุงเทพฯ :^bอมรินทร์,^c2549
300    318 หน้า
710 1  อมรินทร์
945    ^p250^l0^i021026
995    ทศพร
999 ^a ใช้งานได้ทุกระบบ
รายการนี้ยังไม่มีแท็ก
คุณยังไม่ได้ล็อกอิน คุณสามารถมีกิจกรรมร่วมกับเว็บไซต์ได้ แต่ต้องล็อกอินก่อน ::
  ล็อกอิน

รายการสื่อสารสนเทศ

ลำดับที่ ประเภท เลขเรียก/บาร์โค้ด สถานที่ สถานะ
1. นวนิยาย
นวนิยาย
นว. อ111ท 2549 ฉ.1 
  Barcode: 021026
ห้องสมุดวิทยาเขตสวรรค์ประชารักษ์
►นวนิยาย
บนชั้น
  ขอยืม

BibComment


ยังไม่เคยถูกคอมเมนท์

คอมเมนท์ทรัพยากรรายการนี้
  คอมเมนท์: เทวดาฝรั่ง กรีกโร..


 Copyright 2026. Bcnsprnw @Library